000 00327nam a22001457a 4500
003 OSt
008 240224b |||||||| |||| 00| 0 eng d
020 _a9789391165529
100 _aDEVDUTT,Pattanaik
245 _aHope
250 _a1st Ed
260 _aNew Delhi
_bJuggernaut Books
_c2021
300 _a165
942 _2ddc
_cBK
999 _c12244
_d12244